| 000 | 00483nam a22001937a 4500 | ||
|---|---|---|---|
| 003 | OSt | ||
| 005 | 20260122143406.0 | ||
| 008 | 260122b |||||||| |||| 00| 0 eng d | ||
| 040 | _cSBCL | ||
| 082 |
_a242.05 _bANC-C |
||
| 100 | _aAnto,Ancy | ||
| 245 | _aCharity Blossoms | ||
| 260 |
_aThrissur _bHoly Family Generalate _c2026 |
||
| 300 | _a50.00 p. | ||
| 630 | _xReligion | ||
| 650 | _aChristian moral & devotional theology | ||
| 650 | _aDevotional literature | ||
| 942 | _cBOOK | ||
| 999 |
_c137733 _d137733 |
||